| 000 | 00874nam a22002537i 4500 | ||
|---|---|---|---|
| 003 | DO-SdBNP | ||
| 005 | 20231110111016.0 | ||
| 007 | ta | ||
| 008 | 231109b2002 dr a|||| |||| 00| 0 spa d | ||
| 040 |
_aBNPHU _bspa _cDO-SdBNP _erda |
||
| 100 |
_aQuezada, Tirsis _917753 |
||
| 245 | 1 | 3 |
_aLas relaciones estado, sociedad civil en la República Dominica / _cTirsis Quezada. |
| 264 |
_aSanto Domingo : _bInstituto Tecnológico de Santo Domingo, _c2002. |
||
| 300 |
_a62 p. ; _c32 cm |
||
| 336 |
_2rdacontent _atexto _btxt |
||
| 337 |
_2rdamedia _asin mediación _bn |
||
| 338 |
_2rdacarrier _avolumen _bnc |
||
| 490 | 0 | _aSociedad civil | |
| 490 | 0 |
_aDocumentos de trabajo _v12 |
|
| 500 | _aPrograma de Fortalecimiento de Organizaciones de la Sociedad Civil.Colección Sociedad Civil | ||
| 590 | _aInventariado, 2023 /LP | ||
| 910 | _aLP Lopérez | ||
| 942 |
_2ddc _cLBS1 |
||
| 999 |
_c55445 _d55445 |
||